<?xml version="1.0" encoding="UTF-8"?>
<record
    xmlns:xsi="http://www.w3.org/2001/XMLSchema-instance"
    xsi:schemaLocation="http://www.loc.gov/MARC21/slim http://www.loc.gov/standards/marcxml/schema/MARC21slim.xsd"
    xmlns="http://www.loc.gov/MARC21/slim">

  <leader>01552nam a2200289Ia 4500</leader>
  <datafield tag="999" ind1=" " ind2=" ">
    <subfield code="c">5852</subfield>
    <subfield code="d">5852</subfield>
  </datafield>
  <controlfield tag="003">OSt</controlfield>
  <controlfield tag="005">20200513115907.0</controlfield>
  <controlfield tag="008">191128s2009    ck ad  gr     000 0dspa d</controlfield>
  <datafield tag="020" ind1=" " ind2=" ">
    <subfield code="a">9789587380477</subfield>
  </datafield>
  <datafield tag="040" ind1=" " ind2=" ">
    <subfield code="a">CO-JMCR</subfield>
    <subfield code="c">CO-JMCR</subfield>
  </datafield>
  <datafield tag="041" ind1="0" ind2=" ">
    <subfield code="a">spa</subfield>
  </datafield>
  <datafield tag="082" ind1="0" ind2="4">
    <subfield code="a">307 .1416 / </subfield>
    <subfield code="b">S348b</subfield>
    <subfield code="2">23</subfield>
  </datafield>
  <datafield tag="100" ind1="1" ind2=" ">
    <subfield code="a">Silva Nigrinis, Alicia Eugenia, </subfield>
    <subfield code="e">autora</subfield>
    <subfield code="9">4245</subfield>
  </datafield>
  <datafield tag="245" ind1="1" ind2="0">
    <subfield code="a">Bogot&#xE1;, de la construcci&#xF3;n al deterioro : </subfield>
    <subfield code="b">1995-2007 /</subfield>
    <subfield code="c">Alicia Eugenia Silva Nigrinis, Federico P&#xE9;rez Fern&#xE1;ndez, Francisco Ruiz Perdonard, Tom&#xE1;s Mart&#xED;n Jim&#xE9;nez</subfield>
  </datafield>
  <datafield tag="250" ind1=" " ind2=" ">
    <subfield code="a">Primera edici&#xF3;n</subfield>
  </datafield>
  <datafield tag="260" ind1=" " ind2=" ">
    <subfield code="a">Bogot&#xE1; : </subfield>
    <subfield code="b">Universidad del Rosario, </subfield>
    <subfield code="c">2009</subfield>
  </datafield>
  <datafield tag="300" ind1=" " ind2=" ">
    <subfield code="a">181 p&#xE1;ginas : </subfield>
    <subfield code="b">gr&#xE1;ficos ; </subfield>
    <subfield code="c">24 cm.</subfield>
  </datafield>
  <datafield tag="504" ind1=" " ind2=" ">
    <subfield code="a">Incluye bibliograf&#xED;a.</subfield>
  </datafield>
  <datafield tag="505" ind1=" " ind2=" ">
    <subfield code="a">Los problemas del gobierno de Bogot&#xE1; -- Cultura ciudadana como innovaci&#xF3;n en pol&#xED;tica p&#xFA;blica: la primera administraci&#xF3;n de Antanas Mockus (1995-1997) -- La ciudad para la gente: la administraci&#xF3;n de Enrique Pe&#xF1;alosa (1998-2000) -- Construir sobre lo cons</subfield>
  </datafield>
  <datafield tag="520" ind1=" " ind2=" ">
    <subfield code="a">Este libro estudia comparativamente las principales pol&#xED;ticas p&#xFA;blicas que se aplicaron en Bogot&#xE1; en las alcald&#xED;as de Antana Mockus, Enrique Pe&#xF1;alosa, la segunda de Antanas Mockus y luis Eduardo Garz&#xF3;n.</subfield>
  </datafield>
  <datafield tag="650" ind1="1" ind2="4">
    <subfield code="a">Desarrollo urbano</subfield>
    <subfield code="z">Bogot&#xE1; (Colombia)</subfield>
    <subfield code="9">4246</subfield>
  </datafield>
  <datafield tag="650" ind1="2" ind2="4">
    <subfield code="a">Sociolog&#xED;a urbana Rehabilitaci&#xF3;n urbana</subfield>
    <subfield code="z">Bogot&#xE1; (Colombia)</subfield>
    <subfield code="9">4247</subfield>
  </datafield>
  <datafield tag="700" ind1="1" ind2=" ">
    <subfield code="a">P&#xE9;rez Fern&#xE1;ndez, Federico,  </subfield>
    <subfield code="e">autor</subfield>
    <subfield code="9">4248</subfield>
  </datafield>
  <datafield tag="700" ind1="1" ind2=" ">
    <subfield code="a">Ruiz Perdonard, Francisco, </subfield>
    <subfield code="e">autor </subfield>
    <subfield code="9">4249</subfield>
  </datafield>
  <datafield tag="700" ind1="1" ind2=" ">
    <subfield code="a">Mart&#xED;n Jim&#xE9;nez, Tom&#xE1;s,</subfield>
    <subfield code="e">autor</subfield>
    <subfield code="9">4250</subfield>
  </datafield>
  <datafield tag="942" ind1=" " ind2=" ">
    <subfield code="2">ddc</subfield>
    <subfield code="c">BK</subfield>
  </datafield>
  <datafield tag="952" ind1=" " ind2=" ">
    <subfield code="0">0</subfield>
    <subfield code="1">0</subfield>
    <subfield code="2">ddc</subfield>
    <subfield code="3">Donaci&#xF3;n--15/04/2018--</subfield>
    <subfield code="4">0</subfield>
    <subfield code="7">0</subfield>
    <subfield code="a">CPL</subfield>
    <subfield code="b">CPL</subfield>
    <subfield code="c">GEN</subfield>
    <subfield code="d">2019-11-28</subfield>
    <subfield code="e">Donaci&#xF3;n</subfield>
    <subfield code="g">0.00</subfield>
    <subfield code="l">0</subfield>
    <subfield code="o">307.1416 / S348b </subfield>
    <subfield code="p">430006033</subfield>
    <subfield code="r">2024-05-16 00:00:00</subfield>
    <subfield code="t">Ej.1</subfield>
    <subfield code="w">2019-11-28</subfield>
    <subfield code="y">BK</subfield>
  </datafield>
</record>
